| 000 | 01202nam2a22003371 4500 | ||
|---|---|---|---|
| 001 | v19\rc\1804101 | ||
| 005 | 20250619123900.0 | ||
| 035 | _a(NLR Aleph) 004905479 | ||
| 090 |
_a5420985 _c5420985 |
||
| 100 | _a20071224d1907 |||y0rusy50 ca | ||
| 101 | 0 | _arus | |
| 102 | _aRU | ||
| 105 | _aa z ||||| | ||
| 200 | 0 | _aза 1906 год | |
| 210 |
_d1907 _aБ. м. |
||
| 215 |
_a146 с., 2 л. ил. _cил. |
||
| 461 | 0 |
_1001v19\rc\1804099 _12001#$aОтчет Государственного Исторического музея...$vза 1906 год _95848011 _aИсторический музей (Москва; до 1917 г.) _cМосква _d1906-1926 _nРаботник просвещения _tОтчет Государственного Исторического музея... _vза 1906 год |
|
| 801 | 0 |
_aRU _bNLR _gpsbo |
|
| 801 | 0 |
_aRU _bRuMoRGB _2psbo |
|
| 801 | 1 |
_aRU _bProSoft-M _2rusmarc |
|
| 852 |
_aNLR _j34.61а.4.134 |
||
| 852 |
_aNLR _j38.25.2.45 |
||
| 899 |
_aRuMoRGB _jV 107/65 |
||
| 899 |
_aRuMoRGB _jV 5/36 |
||
| 899 |
_aRuMoRGB _jU 139/66 |
||
| 899 |
_aRuMoRGB _jU 370/1 |
||
| 899 |
_aRuMoRGB _jA 324/125 |
||
| 899 | _aБАН | ||
| 899 | _aГПИБ | ||
| 942 | _cBOOK | ||
| 980 | _aNB | ||